000 00335nam a22001457a 4500
008 230831b ||||| |||| 00| 0 eng d
020 _a9780618833580
041 _aeng
080 _23 EDITION
_a338
082 _a338DEN
100 _a24
101 _aMBE
245 _aHUMAN RESOURCE MANAGEMENT
_cDENISI / GRIFFIN
942 _2udc
_cBK
999 _c60229
_d60229